[Event "XVII Weekend B"]
[Site "Ceriano Laghetto ITA"]
[Date "2008.03.30"]
[Round "4"]
[White "Basilico, Davide"]
[Black "Guzzetti, Luigi Enrico"]
[Result "0-1"]
[WhiteElo "1698"]
[BlackElo "1933"]
[PlyCount "66"]
[EventDate "2008.03.28"]

1.e4 c5 2.c3 e6 3.d4 d5 4.Bd3 Nc6 5.Ne2 Qb6 6.exd5 exd5 7.O-O Be6 8.dxc5 
Bxc5 9.b4 Bd6 10.Be3 Qc7 11.f4 Nf6 12.b5 Ne7 13.Bd4 Bc5 14.f5 Bd7 15.Nd2 
Ng4 16.Rf4 Ne3 17.Qb1 O-O 18.f6 Ng6 19.fxg7 Rfe8 20.Bxg6 fxg6 21.Qb2 Nxg2 
22.Kxg2 Rxe2+ 23.Kf3 Rae8 24.Qb3 R2e3+ 25.Bxe3 Rxe3+ 26.Kg2 Bh3+ 27.Kh1 
Qxf4 28.Qxd5+ Kxg7 29.Qxc5 Qf2 30.Qd4+ Kh6 31.Rg1 Bg2+ 32.Rxg2 Re1+ 33.Rg1
Rxg1# 0-1

[Event "XVII Weekend B"]
[Site "Ceriano Laghetto ITA"]
[Date "2008.03.30"]
[Round "4"]
[White "Beltrami, Chiara"]
[Black "Oteri, Aldo"]
[Result "1-0"]
[WhiteElo "1658"]
[BlackElo "1887"]
[PlyCount "59"]
[EventDate "2008.03.28"]

1.e4 e6 2.d4 d5 3.Nd2 Be7 4.c3 c5 5.dxc5 dxe4 6.Nxe4 Qxd1+ 7.Kxd1 Nf6 8.
Nxf6+ Bxf6 9.Be3 O-O 10.Kc2 Bd7 11.Nf3 Bc6 12.Nd4 Be4+ 13.Kc1 a6 14.f3 Bg6
15.Bc4 Nd7 16.Nxe6 Ne5 17.Nxf8 Nxc4 18.Nxg6 Nxe3 19.Nf4 Bg5 20.g3 Nd5 21.
Kd1 Nxf4 22.gxf4 Bxf4 23.Ke2 Be5 24.Rad1 g5 25.Rd7 Rb8 26.h3 h6 27.Rhd1 
Bf6 28.R1d6 Kg7 29.Rb6 Rc8 30.b4 1-0

[Event "XVII Weekend B"]
[Site "Ceriano Laghetto ITA"]
[Date "2008.03.30"]
[Round "4"]
[White "Bernasconi, Roberto"]
[Black "De La Pena, Elmer"]
[Result "1-0"]
[WhiteElo "1940"]
[BlackElo "1948"]
[PlyCount "225"]
[EventDate "2008.03.28"]

1.e4 c5 2.Nf3 Nc6 3.Bb5 g6 4.O-O Bg7 5.c3 e6 6.Bxc6 bxc6 7.d4 cxd4 8.cxd4 
d5 9.Nc3 Bd7 10.Re1 Ne7 11.Bg5 f6 12.Bf4 O-O 13.h3 Rf7 14.Qd2 g5 15.Bd6 
Ng6 16.Rab1 Bf8 17.Bg3 Be7 18.b4 Qf8 19.exd5 exd5 20.Na4 Bf5 21.Rb3 Bd6 
22.Bxd6 Qxd6 23.Nc5 Nf4 24.Rbe3 Qf8 25.Nh2 h5 26.g4 hxg4 27.hxg4 Bd7 28.
Nd3 Qd6 29.Nxf4 Qxf4 30.Qd1 Qd6 31.Qd2 Rh7 32.Rg3 Kf7 33.Kg2 Rah8 34.Nf3 
Qf4 35.Qd3 Qd6 36.Qd2 Qc7 37.Qe3 Re8 38.Qd3 Rh6 39.Rxe8 Bxe8 40.Nd2 Kg7 
41.Qe2 Bg6 42.Rh3 Qd6 43.a3 Qd7 44.Rxh6 Kxh6 45.Nb3 f5 46.Nc5 Qg7 47.gxf5 
Bxf5 48.Qe3 Qf6 49.Kg3 Kg6 50.Qe8+ Kg7 51.Qe3 Qd6+ 52.Kg2 Qf6 53.Kg3 Kf7 
54.Nd3 Qh6 55.Ne5+ Kf8 56.Kg2 Be4+ 57.f3 Bf5 58.Kf2 Qh2+ 59.Ke1 Qg3+ 60.
Kd2 Qg2+ 61.Qe2 Qg1 62.Qe3 Qg2+ 63.Qe2 Qg1 64.Nxc6 Qb1 65.Qe7+ Kg8 66.
Qxg5+ Kh7 67.Ne7 Qd3+ 68.Ke1 Qc3+ 69.Kf1 Bh3+ 70.Ke2 Qc2+ 71.Qd2 Bf1+ 72.
Ke1 Qb1+ 73.Kf2 Bh3 74.Nxd5 Qf1+ 75.Kg3 Be6 76.Nf4 Bf5 77.Qh2+ Kg8 78.Qh5 
Qe1+ 79.Kg2 Qd2+ 80.Kg3 Qe1+ 81.Kh2 Qd2+ 82.Ng2 Bh7 83.Qe8+ Kg7 84.Qe5+ 
Kg6 85.Kg3 Qc1 86.Nh4+ Kf7 87.Qf4+ Qxf4+ 88.Kxf4 Ke6 89.Ke3 Kd5 90.Ng2 Bc2
91.Ne1 Ba4 92.Kd3 Bb5+ 93.Kc3 a6 94.Nd3 Ba4 95.Ne5 Bb5 96.a4 Be2 97.f4 Kd6
98.Nd3 Kd5 99.b5 a5 100.Nc5 Bd1 101.f5 Kd6 102.b6 Kc6 103.b7 Kc7 104.f6 
Bh5 105.Kc4 Bf7+ 106.Kb5 Kb8 107.Kxa5 Kc7 108.Kb5 Bd5 109.Ka6 Kb8 110.Nd7+
Kc7 111.Ka7 Bxb7 112.Nb6 Bc6 113.f7 1-0

[Event "XVII Weekend B"]
[Site "Ceriano Laghetto ITA"]
[Date "2008.03.30"]
[Round "4"]
[White "Brighenti, Alessandro"]
[Black "Primerano, Carlo"]
[Result "1-0"]
[WhiteElo "1593"]
[BlackElo "1750"]
[PlyCount "77"]
[EventDate "2008.03.28"]

1.e4 c5 2.Nc3 Nc6 3.g3 g6 4.Bg2 Bg7 5.d3 e6 6.f4 Nge7 7.Nf3 d6 8.O-O O-O 
9.Be3 Rb8 10.d4 cxd4 11.Nxd4 a6 12.Qd2 Qc7 13.Rad1 Rd8 14.Qf2 b5 15.h3 Bd7
16.f5 exf5 17.exf5 Nxf5 18.Nxf5 Bxf5 19.Nd5 Qd7 20.g4 Be6 21.Nf6+ Bxf6 22.
Qxf6 Qe7 23.Bxc6 Qxf6 24.Rxf6 d5 25.a4 bxa4 26.Bxa4 Rxb2 27.Bb3 Rc8 28.Bd4
Rbxc2 29.Bxc2 Rxc2 30.Rf2 Rc4 31.Bf6 h6 32.Rd3 Rc6 33.h4 Kf8 34.g5 h5 35.
Rb2 Ke8 36.Rb7 Rc2 37.Re7+ Kd8 38.Rxe6+ Kd7 39.Rxa6 1-0

[Event "XVII Weekend B"]
[Site "Ceriano Laghetto ITA"]
[Date "2008.03.30"]
[Round "4"]
[White "Cardani, Roberto"]
[Black "D'Apa, Massimo"]
[Result "1-0"]
[WhiteElo "1927"]
[BlackElo "1809"]
[PlyCount "55"]
[EventDate "2008.03.28"]

1.e4 c5 2.Nf3 d6 3.d4 cxd4 4.Nxd4 e5 5.Nb3 Nc6 6.Nc3 Nf6 7.f3 a6 8.Be3 Qc7
9.Qe2 Be7 10.O-O-O O-O 11.g4 b5 12.h4 Be6 13.h5 Rac8 14.Rh2 Bxb3 15.axb3 
Na5 16.Kb1 b4 17.Nd5 Nxd5 18.exd5 Rb8 19.Qd2 f6 20.Bd3 Nxb3 21.cxb3 a5 22.
Qc2 Qb7 23.Bxh7+ Kh8 24.Bg6 Rfe8 25.h6 Rbc8 26.hxg7+ Kxg7 27.Rh7+ Kg8 28.
Bf7+ 1-0

[Event "XVII Weekend B"]
[Site "Ceriano Laghetto ITA"]
[Date "2008.03.30"]
[Round "4"]
[White "Colombo, Sandro"]
[Black "Casartelli, Fabio"]
[Result "1/2-1/2"]
[WhiteElo "1859"]
[BlackElo "1894"]
[PlyCount "81"]
[EventDate "2008.03.28"]

1.c4 e5 2.Nc3 Nf6 3.Nf3 Nc6 4.e3 Be7 5.d4 exd4 6.exd4 d5 7.cxd5 Nxd5 8.Bb5
Qd6 9.Ne5 Bd7 10.Nxd7 Qxd7 11.O-O O-O 12.Qa4 Bf6 13.Nxd5 Qxd5 14.Be3 Ne7 
15.Rac1 c6 16.Bd3 Rfe8 17.Rc5 Qd6 18.Qc2 g6 19.Rd1 Nd5 20.Qd2 Rad8 21.Ra5 
a6 22.Bc4 Qe7 23.Bxd5 Rxd5 24.Rxd5 cxd5 25.Rc1 Qe4 26.h3 Bg7 27.Rc7 Re7 
28.Rc8+ Re8 29.Rxe8+ Qxe8 30.Qb4 Qc8 31.Qd6 Bf8 32.Qxd5 Qc6 33.Qxc6 bxc6 
34.Kf1 f5 35.Ke2 Kf7 36.Kd3 Ke6 37.Kc4 Bd6 38.f4 Be7 39.b4 Kd6 40.a4 Bf6 
41.g3 1/2-1/2

[Event "XVII Weekend B"]
[Site "Ceriano Laghetto ITA"]
[Date "2008.03.30"]
[Round "4"]
[White "Conta, Diego"]
[Black "Marchesotti, Giovanni"]
[Result "1/2-1/2"]
[WhiteElo "1890"]
[BlackElo "1666"]
[PlyCount "42"]
[EventDate "2008.03.28"]

1.d4 Nf6 2.Nc3 b6 3.Bg5 c5 4.e3 Bb7 5.Nf3 d6 6.Bd3 h6 7.Bxf6 gxf6 8.Qe2 a6
9.d5 Nd7 10.e4 Ne5 11.Nxe5 fxe5 12.Qh5 Rg8 13.g4 Rg5 14.Qh4 Qd7 15.Be2 
O-O-O 16.Qg3 e6 17.h4 Rg6 18.g5 Be7 19.Bh5 Rg7 20.Qf3 Kc7 21.gxh6 Rh7 
1/2-1/2

[Event "XVII Weekend B"]
[Site "Ceriano Laghetto ITA"]
[Date "2008.03.30"]
[Round "4"]
[White "Greco, Umberto"]
[Black "Rizzi, Pietro"]
[Result "1-0"]
[WhiteElo "1650"]
[BlackElo "1607"]
[PlyCount "93"]
[EventDate "2008.03.28"]

1.d4 f5 2.c4 Nf6 3.Nc3 g6 4.Nf3 Bg7 5.Bf4 O-O 6.e3 d6 7.Be2 c6 8.c5 Ne4 9.
Qb3+ d5 10.Be5 Nd7 11.Bf4 Ndf6 12.h3 Nxc3 13.Qxc3 Ne4 14.Qc2 Qa5+ 15.Nd2 
g5 16.Bh2 Qxd2+ 17.Qxd2 Nxd2 18.Kxd2 f4 19.b4 e5 20.exf4 exd4 21.Bd3 gxf4 
22.Rae1 Bf5 23.Re7 Bxd3 24.Kxd3 b6 25.Rhe1 bxc5 26.bxc5 a5 27.Rc7 Rae8 28.
Rxe8 Rxe8 29.Bxf4 Re1 30.Rxc6 Rd1+ 31.Kc2 Rf1 32.Bg3 Ra1 33.Rd6 Rxa2+ 34.
Kb3 Ra1 35.Rxd5 Rc1 36.Bf4 Rc3+ 37.Ka4 Kf7 38.Kxa5 Ke6 39.Rh5 d3 40.Kb4 
Rc2 41.Rxh7 Bd4 42.c6 Bxf2 43.c7 Bg3 44.Bxg3 d2 45.Rh6+ Kf5 46.Rd6 Ke4 47.
Rxd2 1-0

[Event "XVII Weekend B"]
[Site "Ceriano Laghetto ITA"]
[Date "2008.03.30"]
[Round "4"]
[White "Libutti, Michele"]
[Black "Cervini, Gian Piero"]
[Result "1-0"]
[WhiteElo "1876"]
[BlackElo "1767"]
[PlyCount "80"]
[EventDate "2008.03.28"]

1.d4 Nf6 2.c4 g6 3.Nc3 Bg7 4.e4 d6 5.Nf3 O-O 6.Be2 e5 7.O-O Nc6 8.d5 Ne7 
9.Ne1 Nd7 10.Be3 f5 11.f3 Nf6 12.c5 f4 13.Bf2 g5 14.Rc1 h5 15.cxd6 cxd6 
16.Nb5 g4 17.Nc7 Ng6 18.Nxa8 h4 19.Qc2 g3 20.h3 gxf2+ 21.Rxf2 Nh5 22.Qc7 
Qg5 23.Qxd6 Bxh3 24.Nc7 Rf6 25.Qd8+ Nf8 26.Ne8 Ng3 27.Rc7 Nh5 28.Nxf6+ 
Bxf6 29.Qe8 Bg7 30.Bc4 Nf6 31.d6+ Kh7 32.Rxg7+ Qxg7 33.Qe7 Bc8 34.Qxg7+ 
Kxg7 35.Nd3 N8d7 36.Be6 Nb6 37.Bxc8 Nxc8 38.Nxe5 Nxd6 39.Rc2 Nfe8 40.Nd3 
b5 1-0

[Event "XVII Weekend B"]
[Site "Ceriano Laghetto ITA"]
[Date "2008.03.30"]
[Round "4"]
[White "Margstahler, Francesco"]
[Black "D'Alessio, Angelo"]
[Result "0-1"]
[WhiteElo "1764"]
[BlackElo "1961"]
[PlyCount "106"]
[EventDate "2008.03.28"]

1.e4 c5 2.c3 Nf6 3.e5 Nd5 4.Nf3 d6 5.d4 e6 6.exd6 Bxd6 7.Bb5+ Bd7 8.Qe2 
O-O 9.dxc5 Bxc5 10.O-O Qb6 11.Bxd7 Nxd7 12.b4 Be7 13.Bg5 N7f6 14.a3 h6 15.
Bd2 Qc7 16.Nd4 Rac8 17.Nb5 Qb6 18.c4 Nc7 19.Nxc7 Qxc7 20.c5 b6 21.cxb6 
Qxb6 22.Be3 Qb7 23.Nd2 Nd5 24.Ne4 Nxe3 25.Qxe3 a5 26.Nc5 Qb6 27.Rac1 axb4 
28.axb4 Qxb4 29.Nxe6 Rxc1 30.Rxc1 fxe6 31.Qxe6+ Kh7 32.g3 Bc5 33.Rf1 Qd4 
34.Qe2 g6 35.Kg2 h5 36.Kg1 Kh6 37.h4 Rf5 38.Kg2 Qd5+ 39.Kg1 Qd6 40.Kh2 Qd4
41.Kg1 Rf6 42.Kg2 Rd6 43.Qe3+ Qxe3 44.fxe3 Bxe3 45.Rf3 Rd2+ 46.Kf1 Bc5 47.
Ke1 Ra2 48.Kf1 Bd6 49.Kg1 Kg7 50.Kf1 Ra3 51.Kg2 Rxf3 52.Kxf3 Kf6 53.Ke4 
Bxg3 0-1

[Event "XVII Weekend B"]
[Site "Ceriano Laghetto ITA"]
[Date "2008.03.30"]
[Round "4"]
[White "Palminteri, Vincenzo"]
[Black "Regorda, Massimiliano"]
[Result "0-1"]
[WhiteElo "1754"]
[BlackElo "1906"]
[PlyCount "50"]
[EventDate "2008.03.28"]

1.e4 e5 2.Nf3 Nc6 3.d4 exd4 4.Bc4 Be7 5.Nxd4 Nf6 6.Nc3 O-O 7.O-O Ne5 8.Bb3
c5 9.Nf5 c4 10.f4 Bc5+ 11.Be3 Bxe3+ 12.Nxe3 Qb6 13.fxe5 Qxe3+ 14.Kh1 Nxe4 
15.Nxe4 Qxe4 16.Ba4 Qxe5 17.c3 b5 18.Bc2 d5 19.Qf3 Be6 20.Rae1 Qg5 21.g3 
Bh3 22.Rf2 f6 23.Rg1 Rae8 24.Rd1 Re3 25.Qxd5+ Qxd5+ 0-1

[Event "XVII Weekend B"]
[Site "Ceriano Laghetto ITA"]
[Date "2008.03.30"]
[Round "4"]
[White "Parenti, Davide"]
[Black "Carbone, Lorenzo"]
[Result "1-0"]
[WhiteElo "1901"]
[BlackElo "1746"]
[PlyCount "191"]
[EventDate "2008.03.28"]

1.d4 d5 2.c4 e6 3.Nc3 Nf6 4.cxd5 exd5 5.Bg5 Be7 6.e3 O-O 7.Bd3 b6 8.Nge2 
Bb7 9.Qc2 h6 10.Bh4 c5 11.dxc5 bxc5 12.O-O Nc6 13.Rad1 Nb4 14.Qb1 Nxd3 15.
Qxd3 Qc7 16.Bg3 Qc6 17.f3 a5 18.Rfe1 g5 19.Bf2 Bd6 20.Ng3 Bxg3 21.Bxg3 
Rfe8 22.Qb5 Re6 23.Qxc6 Bxc6 24.Bf2 c4 25.Rd2 Rae8 26.Kf1 h5 27.Rd4 Kg7 
28.h3 Kg6 29.Bg1 Rb8 30.Rd2 Rbe8 31.Kf2 h4 32.Bh2 a4 33.a3 R8e7 34.Rd4 Rb7
35.Rd2 Rbe7 36.Bg1 Nh5 37.Bh2 Nf6 38.Ree2 Kf5 39.Rd1 Kg6 40.Rd4 Re8 41.Na2
Nh5 42.Nb4 Nf6 43.Bg1 Bb7 44.Kf1 Nh5 45.Bh2 Rxe3 46.Rxe3 Rxe3 47.Nxd5 Bxd5
48.Rxd5 c3 49.bxc3 Rxc3 50.Bd6 Rc1+ 51.Kf2 Rc2+ 52.Kg1 Rc6 53.Bb8 Rc3 54.
Bd6 Rc6 55.Rd4 Ra6 56.Be5 Kf5 57.Bh2 Ng7 58.Kf2 Ne6 59.Rc4 Ra5 60.Ke3 f6 
61.Rb4 Nf8 62.Kd3 Nd7 63.Kc3 Rc5+ 64.Kd3 Rd5+ 65.Ke2 Ra5 66.Ke3 Kg6 67.f4 
Kf5 68.fxg5 fxg5 69.Kf3 Nf6 70.Rd4 Nd5 71.Bd6 Nf6 72.Be7 Nd5 73.Bd8 Rb5 
74.Rxa4 Rb3+ 75.Kf2 Rb2+ 76.Kf3 Rb3+ 77.Kf2 Rb2+ 78.Kf1 Ne3+ 79.Ke1 Nxg2+ 
80.Kd1 Rb3 81.Ra5+ Ke4 82.Bxg5 Rxh3 83.Ra8 Rh1+ 84.Kd2 h3 85.Rh8 Kd4 86.
Ke2 Ke4 87.Kf2 Kf5 88.Bd2 Kg4 89.Rg8+ Kf5 90.Rg5+ Ke4 91.Rh5 Kd3 92.Bg5 
Ne1 93.Kg3 Nc2 94.a4 Ra1 95.Rxh3 Rxa4 96.Kf2+ 1-0

[Event "XVII Weekend B"]
[Site "Ceriano Laghetto ITA"]
[Date "2008.03.30"]
[Round "4"]
[White "Pepa, Syrja"]
[Black "Marcangeli, Alessandro"]
[Result "1-0"]
[WhiteElo "1839"]
[BlackElo "1658"]
[PlyCount "56"]
[EventDate "2008.03.28"]

1.e4 c5 2.Nf3 d6 3.d4 cxd4 4.Nxd4 Nf6 5.Nc3 g6 6.Be3 Bg7 7.f3 O-O 8.Qd2 
Nc6 9.O-O-O Bd7 10.Kb1 Re8 11.h4 Rc8 12.g4 Ne5 13.h5 Nc4 14.Bxc4 Rxc4 15.
hxg6 Rxc3 16.gxf7+ Kxf7 17.Qxc3 b5 18.g5 Ng8 19.Qb3+ e6 20.Nf5 Kg6 21.Rxd6
Bf8 22.Nh4+ Kf7 23.Rd2 Qc7 24.Rhd1 Bc6 25.Nf5 Kg6 26.Nd4 Bd7 27.Nxb5 Bxb5 
28.Qxb5 Rb8 1-0

[Event "XVII Weekend B"]
[Site "Ceriano Laghetto ITA"]
[Date "2008.03.30"]
[Round "4"]
[White "Punteri, Marco"]
[Black "Stella, Luca"]
[Result "1-0"]
[WhiteElo "1983"]
[BlackElo "1848"]
[PlyCount "41"]
[EventDate "2008.03.28"]

1.d4 Nf6 2.c4 e6 3.Nc3 Bb4 4.e3 Bxc3+ 5.bxc3 c5 6.Bd3 Nc6 7.Ne2 b6 8.O-O 
O-O 9.e4 Ne8 10.e5 f5 11.exf6 Nxf6 12.Be3 Ng4 13.Qd2 Qe7 14.Ng3 Qh4 15.h3 
Nxe3 16.fxe3 Qxg3 17.Bxh7+ Kxh7 18.Rxf8 Ne7 19.Qe2 Nf5 20.Qh5+ Nh6 21.Qe8 
1-0

[Event "XVII Weekend B"]
[Site "Ceriano Laghetto ITA"]
[Date "2008.03.30"]
[Round "4"]
[White "Regorda, Vittorio"]
[Black "Ragusa, Luigi"]
[Result "0-1"]
[WhiteElo "1863"]
[BlackElo "1735"]
[PlyCount "89"]
[EventDate "2008.03.28"]

1.Nf3 Nf6 2.g3 g6 3.Bg2 Bg7 4.O-O O-O 5.d3 d6 6.Nbd2 e5 7.e4 Be6 8.h4 Bg4 
9.Re1 Qd7 10.Nf1 Bh3 11.Bh1 Nh5 12.N1h2 h6 13.Be3 f5 14.Qc1 f4 15.gxf4 
Nxf4 16.Bxf4 Rxf4 17.Bg2 Bg4 18.Kh1 Nc6 19.c3 Raf8 20.Qe3 Bh3 21.Rg1 Bf6 
22.Bxh3 Qxh3 23.Rxg6+ Bg7 24.Rg3 Qd7 25.Rag1 R8f7 26.Rg4 Kh7 27.R1g3 Rxg4 
28.Nxg4 Rf4 29.Ngh2 Qf7 30.Qe2 Ne7 31.Qf1 Ng6 32.Qh3 Bf6 33.Ng4 Qe7 34.h5 
Nf8 35.Ne3 Ne6 36.Nf5 Qf7 37.Rg6 Bg5 38.Nxg5+ hxg5 39.Nh6 Rh4 40.Nxf7 
Rxh3+ 41.Kg2 Nf4+ 42.Kg1 Nxg6 43.Kg2 Nf4+ 44.Kg1 Rxh5 45.Nd8 0-1

[Event "XVII Weekend B"]
[Site "Ceriano Laghetto ITA"]
[Date "2008.03.30"]
[Round "4"]
[White "Saffioti, Cristian"]
[Black "Ronconi, Fausto"]
[Result "1-0"]
[WhiteElo "1949"]
[BlackElo "1733"]
[PlyCount "99"]
[EventDate "2008.03.28"]

1.e4 e6 2.d4 d5 3.Nc3 dxe4 4.Nxe4 Nd7 5.Nf3 Ngf6 6.Ng3 b6 7.Bb5 a6 8.Bc6 
Rb8 9.Ne5 Be7 10.O-O O-O 11.Qf3 Nxe5 12.dxe5 Nd7 13.Re1 Bg5 14.Bxg5 Qxg5 
15.Qe3 Qxe3 16.Rxe3 Nc5 17.Rd1 Bb7 18.Bxb7 Nxb7 19.Red3 Rbd8 20.Rd7 c5 21.
Kf1 Rxd7 22.Rxd7 Na5 23.b3 Nc6 24.Rd6 Rc8 25.c3 b5 26.f4 b4 27.Ne4 bxc3 
28.Nxc3 h6 29.Ne4 c4 30.bxc4 Nb4 31.c5 Nxa2 32.Rxa6 Nb4 33.Ra5 Nc6 34.Rb5 
Rc7 35.Ke1 Kf8 36.Kd2 Ke7 37.Kc3 f6 38.exf6+ gxf6 39.Nd6 e5 40.fxe5 fxe5 
41.Nf5+ Kf6 42.Ne3 Ke6 43.Rb6 e4 44.Kc4 Ke5 45.g3 h5 46.Ra6 Rc8 47.Nc2 Kf5
48.Kd5 Nb8 49.Ne3+ Kg5 50.h4# 1-0

[Event "XVII Weekend B"]
[Site "Ceriano Laghetto ITA"]
[Date "2008.03.30"]
[Round "4"]
[White "Saffioti, Massimo"]
[Black "Mancin, Mariano"]
[Result "1-0"]
[WhiteElo "1820"]
[BlackElo "1876"]
[PlyCount "129"]
[EventDate "2008.03.28"]

1.c4 g6 2.Nc3 Bg7 3.g3 e5 4.Bg2 Nf6 5.d3 d6 6.e4 Na6 7.Nge2 c6 8.O-O Nh5 
9.Be3 Be6 10.a3 O-O 11.Rb1 Nc7 12.b4 Qd7 13.b5 cxb5 14.Nxb5 Nxb5 15.Rxb5 
b6 16.Nc3 Qc7 17.Qd2 Rab8 18.Rfb1 Rfc8 19.Nd5 Bxd5 20.exd5 f5 21.Rc1 Qf7 
22.f3 f4 23.Bf2 fxg3 24.hxg3 Rf8 25.Re1 Qf6 26.Re4 g5 27.Bh3 Qg6 28.Bg4 
Nf6 29.Be6+ Kh8 30.Re2 Ne8 31.g4 Nc7 32.Bf5 Qf6 33.Rb1 h5 34.Kg2 h4 35.Rh1
Kg8 36.Re4 Rbd8 37.d4 Rfe8 38.dxe5 dxe5 39.Be3 Bh6 40.Rb1 Rd6 41.Qa2 Red8 
42.Qb2 Bg7 43.Bd2 a5 44.Bc3 Qh6 45.Kh3 Qh8 46.Rbe1 b5 47.Bxa5 Nxd5 48.cxd5
Rxd5 49.Bxd8 Rxd8 50.Qxb5 Qh6 51.Qc4+ Kh8 52.Qe6 Qxe6 53.Bxe6 Ra8 54.R1e3 
Bf6 55.a4 Kg7 56.Bd7 Kf7 57.Bb5 Ke7 58.Rd3 Ra7 59.Rc4 Bg7 60.Rc8 Ke6 61.
Rcd8 Rc7 62.R3d6+ Ke7 63.R6d7+ Rxd7 64.Rxd7+ Kf6 65.Rxg7 1-0

[Event "XVII Weekend B"]
[Site "Ceriano Laghetto ITA"]
[Date "2008.03.30"]
[Round "4"]
[White "Viale, Fabio"]
[Black "Clerici, Samuele"]
[Result "0-1"]
[WhiteElo "1809"]
[BlackElo "1608"]
[PlyCount "88"]
[EventDate "2008.03.28"]

1.d4 d5 2.c4 c6 3.Nf3 Nf6 4.Nc3 dxc4 5.a4 Nd5 6.e4 Nxc3 7.bxc3 b5 8.Be2 g6
9.Qc2 Bg7 10.O-O Nd7 11.Bf4 Bb7 12.Qb2 a6 13.Bxc4 Nb6 14.Bb3 O-O 15.a5 Nd7
16.Rfd1 c5 17.Qd2 Bxe4 18.Ng5 Nf6 19.Qe3 c4 20.Bxc4 bxc4 21.Nxe4 Nd5 22.
Qg3 Nxf4 23.Qxf4 Qd5 24.Qe3 Rfb8 25.Nc5 e5 26.dxe5 Qxe5 27.Qxe5 Bxe5 28.
Nd7 Bxc3 29.Nxb8 Bxa1 30.Rxa1 Rxb8 31.Kf1 f5 32.Ke2 Kf7 33.Kd2 Rb2+ 34.Ke3
Ke6 35.Rc1 Kd5 36.g3 Kc5 37.h4 Kb4 38.Kd4 Rd2+ 39.Ke3 Rd7 40.Kf4 c3 41.h5 
Kb3 42.hxg6 hxg6 43.Kg5 Kb2 44.Re1 Rd6 0-1

[Event "XVII Weekend B"]
[Site "Ceriano Laghetto ITA"]
[Date "2008.03.30"]
[Round "5"]
[White "Casartelli, Fabio"]
[Black "Punteri, Marco"]
[Result "0-1"]
[WhiteElo "1894"]
[BlackElo "1983"]
[PlyCount "62"]
[EventDate "2008.03.28"]

1.e4 c5 2.Nf3 Nc6 3.Be2 g6 4.c3 Bg7 5.d4 cxd4 6.cxd4 d5 7.e5 Bg4 8.Nc3 Nh6
9.Bxh6 Bxh6 10.O-O O-O 11.h3 Bxf3 12.Bxf3 e6 13.Be2 Qb6 14.Na4 Qxd4 15.
Qxd4 Nxd4 16.Bd3 Bf4 17.Rfe1 b6 18.Kf1 Rfc8 19.g3 Bh6 20.f4 Nc2 21.Ba6 Rd8
22.Rac1 Nxe1 23.Kxe1 g5 24.fxg5 Bxg5 25.Rc7 d4 26.Ke2 Rd5 27.Kd3 Rad8 28.
Rxa7 Rxe5 29.Nxb6 Re3+ 30.Kc2 d3+ 31.Kd1 d2 0-1

[Event "XVII Weekend B"]
[Site "Ceriano Laghetto ITA"]
[Date "2008.03.30"]
[Round "5"]
[White "Cervini, Gian Piero"]
[Black "Palminteri, Vincenzo"]
[Result "0-1"]
[WhiteElo "1767"]
[BlackElo "1754"]
[PlyCount "64"]
[EventDate "2008.03.28"]

1.e4 Nf6 2.e5 Nd5 3.d4 d6 4.c4 Nb6 5.f4 dxe5 6.fxe5 Nc6 7.Be3 e6 8.Nf3 Be7
9.Bd3 O-O 10.Nc3 f6 11.Qc2 f5 12.Qd2 Bh4+ 13.g3 Be7 14.h4 Nb4 15.Be2 c5 
16.a3 Nc6 17.d5 Na5 18.Rb1 Naxc4 19.Bxc4 Nxc4 20.Qd3 exd5 21.Nxd5 Nxe3 22.
Nxe7+ Qxe7 23.Qxe3 b6 24.O-O Bb7 25.Nd2 g6 26.Rf2 Qe6 27.b4 Rac8 28.b5 
Rfe8 29.Re2 Qd5 30.e6 Re7 31.Nf3 Qxf3 32.Qe5 Qh1+ 0-1

[Event "XVII Weekend B"]
[Site "Ceriano Laghetto ITA"]
[Date "2008.03.30"]
[Round "5"]
[White "D'Alessio, Angelo"]
[Black "Libutti, Michele"]
[Result "1-0"]
[WhiteElo "1961"]
[BlackElo "1876"]
[PlyCount "55"]
[EventDate "2008.03.28"]

1.e4 c6 2.d4 d5 3.e5 Bf5 4.Nf3 e6 5.Be2 c5 6.c3 Nc6 7.O-O Qc7 8.Re1 cxd4 
9.cxd4 Bb4 10.Nc3 a6 11.Bd2 Nge7 12.Rc1 O-O 13.a3 Bxc3 14.Bxc3 Rfc8 15.Nh4
Qd8 16.Qd2 h6 17.Nxf5 Nxf5 18.g3 Qb6 19.Rcd1 Qd8 20.h4 Rab8 21.Qf4 g6 22.
Bd3 g5 23.Qg4 h5 24.Qxh5 gxh4 25.Bxf5 exf5 26.gxh4 Ne7 27.e6 f6 28.Kh1 1-0

[Event "XVII Weekend B"]
[Site "Ceriano Laghetto ITA"]
[Date "2008.03.30"]
[Round "5"]
[White "D'Apa, Massimo"]
[Black "Marchesotti, Giovanni"]
[Result "1/2-1/2"]
[WhiteElo "1809"]
[BlackElo "1666"]
[PlyCount "53"]
[EventDate "2008.03.28"]

1.e4 c5 2.c3 Nf6 3.e5 Nd5 4.d4 cxd4 5.cxd4 e6 6.Nf3 Be7 7.Be2 O-O 8.O-O 
Nc6 9.Nc3 Nxc3 10.bxc3 d6 11.exd6 Bxd6 12.Qc2 h6 13.Be3 b6 14.Bd3 Bb7 15.
Qd2 Qf6 16.Bc2 Ne7 17.Qd3 Qg6 18.Qe2 Qh5 19.h3 Bxf3 20.Qxf3 Qxf3 21.gxf3 
Rac8 22.Bd2 Nd5 23.Rac1 Bf4 24.Bxf4 Nxf4 25.Bd1 Nxh3+ 26.Kh2 Nf4 27.Rg1 
1/2-1/2

[Event "XVII Weekend B"]
[Site "Ceriano Laghetto ITA"]
[Date "2008.03.30"]
[Round "5"]
[White "De La Pena, Elmer"]
[Black "Azzolin, Lorenzo"]
[Result "1-0"]
[WhiteElo "1948"]
[BlackElo "1638"]
[PlyCount "49"]
[EventDate "2008.03.28"]

1.d4 Nf6 2.Nf3 e6 3.Bg5 Be7 4.Bxf6 Bxf6 5.e4 d6 6.c4 O-O 7.Bd3 Nc6 8.Bc2 
b6 9.Nc3 Ba6 10.b3 Nb4 11.a3 Nxc2+ 12.Qxc2 Rc8 13.Rd1 Qe8 14.O-O c5 15.e5 
dxe5 16.dxe5 Be7 17.Ne4 Qc6 18.Neg5 Bxg5 19.Nxg5 g6 20.Rd6 Qc7 21.Ne4 Rcd8
22.Nf6+ Kg7 23.Rfd1 Rxd6 24.Rxd6 Rd8 25.Qd3 1-0

[Event "XVII Weekend B"]
[Site "Ceriano Laghetto ITA"]
[Date "2008.03.30"]
[Round "5"]
[White "Guzzetti, Luigi Enrico"]
[Black "Caldarola, Stefano"]
[Result "1-0"]
[WhiteElo "1933"]
[BlackElo "1739"]
[PlyCount "43"]
[EventDate "2008.03.28"]

1.e4 c6 2.d4 d5 3.e5 Bf5 4.Bd3 Bxd3 5.Qxd3 e6 6.f4 Nd7 7.Nf3 Ne7 8.Nbd2 c5
9.c3 Rc8 10.O-O Qb6 11.g4 g6 12.Rf2 Bg7 13.Nf1 f5 14.gxf5 gxf5 15.Be3 c4 
16.Qe2 Nf8 17.Ng3 h5 18.Ng5 h4 19.Nh5 Rg8 20.Nf6+ Bxf6 21.exf6 Neg6 22.f7+
1-0

[Event "XVII Weekend B"]
[Site "Ceriano Laghetto ITA"]
[Date "2008.03.30"]
[Round "5"]
[White "Madaschi, Sergio"]
[Black "Viale, Fabio"]
[Result "1/2-1/2"]
[WhiteElo "1600"]
[BlackElo "1809"]
[PlyCount "98"]
[EventDate "2008.03.28"]

1.e4 c5 2.Nc3 Nc6 3.g3 g6 4.Bg2 Bg7 5.d3 Nf6 6.Nge2 O-O 7.O-O e5 8.Be3 Nd4
9.Qd2 d6 10.Rac1 a6 11.Bh6 b5 12.Nxd4 cxd4 13.Ne2 Bd7 14.c3 dxc3 15.Nxc3 
Qa5 16.Nd5 Qxd2 17.Nxf6+ Bxf6 18.Bxd2 Rac8 19.Bh6 Rfd8 20.Be3 Re8 21.Rfd1 
Be6 22.a3 Bb3 23.Re1 h5 24.h4 Bc2 25.Bf1 Rc6 26.Red1 Rec8 27.Rd2 Bd8 28.
Bh3 R8c7 29.Bb6 Rxb6 30.Rdxc2 Rbb7 31.Rxc7 Rxc7 32.Rxc7 Bxc7 33.Bc8 a5 34.
Bd7 b4 35.axb4 axb4 36.b3 Kf8 37.Bc6 Ke7 38.Kf1 Ke6 39.Ke2 f5 40.Be8 Kf6 
41.exf5 Kxf5 42.Kf3 d5 43.Bf7 e4+ 44.dxe4+ dxe4+ 45.Ke2 Bb6 46.Be8 Bd4 47.
Bd7+ Kf6 48.Bc6 Ke5 49.Be8 Kf6 1/2-1/2

[Event "XVII Weekend B"]
[Site "Ceriano Laghetto ITA"]
[Date "2008.03.30"]
[Round "5"]
[White "Mancin, Mariano"]
[Black "Cardani, Roberto"]
[Result "1/2-1/2"]
[WhiteElo "1876"]
[BlackElo "1927"]
[PlyCount "133"]
[EventDate "2008.03.28"]

1.e4 c5 2.Nc3 Nc6 3.g3 g6 4.Bg2 Bg7 5.d3 d6 6.Be3 e6 7.Qd2 Rb8 8.Nge2 Nd4 
9.Nd1 b5 10.Nc1 b4 11.c3 bxc3 12.bxc3 Nc6 13.O-O Nge7 14.Bh6 O-O 15.Bxg7 
Kxg7 16.f4 f5 17.exf5 gxf5 18.Ne2 Qb6 19.Nf2 Bd7 20.Qc2 Qb2 21.Rfc1 Rb6 
22.Nd1 Qxc2 23.Rxc2 Rfb8 24.Kf1 e5 25.Ke1 Be6 26.Kd2 Kf6 27.Kc1 Bd5 28.Ne3
Bxg2 29.Nxg2 Nd5 30.Kd2 Rb2 31.Rc1 Na5 32.Ne3 Nxe3 33.Kxe3 Nc6 34.Kd2 e4 
35.Rxb2 Rxb2+ 36.Rc2 e3+ 37.Kc1 Rb8 38.Rb2 Re8 39.Rb7 Re7 40.Rxe7 Kxe7 41.
d4 cxd4 42.cxd4 Ke6 43.Kc2 Kd5 44.Kd3 Nb4+ 45.Kxe3 Nxa2 46.h3 h5 47.Kf3 a5
48.g4 hxg4+ 49.hxg4 fxg4+ 50.Kxg4 Ke6 51.Kg5 Kf7 52.f5 a4 53.Kf4 a3 54.Ke4
Nb4 55.Nc1 Kf6 56.Nb3 a2 57.Na1 d5+ 58.Kf4 Nc6 59.Ke3 Kxf5 60.Kd3 Kf4 61.
Kc3 Ke4 62.Kb3 Kxd4 63.Kxa2 Kc3 64.Nb3 Nd4 65.Nc5 Kc2 66.Ka3 Nb5+ 67.Kb4 
1/2-1/2

[Event "XVII Weekend B"]
[Site "Ceriano Laghetto ITA"]
[Date "2008.03.30"]
[Round "5"]
[White "Marcangeli, Alessandro"]
[Black "Basilico, Davide"]
[Result "1/2-1/2"]
[WhiteElo "1658"]
[BlackElo "1698"]
[PlyCount "119"]
[EventDate "2008.03.28"]

1.d4 d5 2.Nf3 c5 3.Bf4 e6 4.e3 Bd7 5.c3 Nc6 6.Nbd2 cxd4 7.exd4 Nf6 8.h3 
Bc8 9.Bd3 Bd6 10.Ne5 Qc7 11.Qe2 Nd7 12.Ndf3 O-O 13.Nxd7 Bxd7 14.Bxd6 Qxd6 
15.O-O f6 16.Bc2 e5 17.dxe5 fxe5 18.Rad1 Rae8 19.Rxd5 Qe7 20.Re1 Be6 21.
Rd2 Bf5 22.Bxf5 Rxf5 23.Qc4+ Kh8 24.Re4 Rxf3 25.gxf3 Qg5+ 26.Rg4 Qxd2 27.
Qf7 Rg8 28.Qxb7 Qh6 29.Kg2 Qf6 30.Qc7 Rf8 31.f4 exf4 32.h4 f3+ 33.Kh3 h6 
34.h5 Ne5 35.Rg1 Qf5+ 36.Kh4 Qf6+ 37.Kh3 Qe6+ 38.Kh2 Ng4+ 39.Kg3 Qe5+ 40.
Qxe5 Nxe5 41.Rd1 Rb8 42.b3 Rb6 43.Kf4 Nf7 44.Kxf3 Rf6+ 45.Kg3 Rf5 46.Rd7 
a5 47.f4 Kg8 48.a3 Rxh5 49.b4 axb4 50.cxb4 Rh1 51.a4 Ra1 52.Ra7 Nd6 53.
Ra8+ Kf7 54.Ra7+ Ke6 55.Ra6 Kd5 56.b5 Nc8 57.Rc6 Nd6 58.Ra6 Kc5 59.Rc6+ 
Kd5 60.Ra6 1/2-1/2